A-Z of Hits - Statistics

General Stats
  • This quiz has been taken 20 times
  • The average score is 16 of 26
Answer Stats
Question Answer % Correct
I Was Made For Loving You Kiss
100%
Smoke Gets In Your Eyes The Platters
100%
Touchy A-Ha
67%
I Heard A Rumour Bananarama
67%
You Light Up My Life Debby Boone
67%
Blue Savannah Erasure
67%
Music For Chameleons Gary Numan
67%
Need You Tonight INXS
67%
Is She Really Going Out With Him? Joe Jackson
67%
Maybe I Know Lesley Gore
67%
Don't Speak No Doubt
67%
The Lone Ranger Quantum Jump
67%
The Zephyr Song Red Hot Chili Peppers
67%
Bankrobber The Clash
67%
Will You Love Me Tomorrow? The Shirelles
67%
Lucky Man The Verve
67%
For Your Love The Yardbirds
67%
Mony Mony Tommy James & The Shondells
67%
Hymn Ultravox
67%
Hold On Wilson Philipps
67%
Towers of London XTC
67%
Silver Star Four Seasons
33%
Penthouse And Pavement Heaven 17
33%
Creeque Alley Mamas And The Papas
33%
If You're Looking For A Way Out Odyssey
33%
Pincushion ZZ Top
0%
No matching quizzes found
Score Distribution
Percent of People with Each Score
Percentile by Number Answered
Your Score History
You have not taken this quiz